1917 1755 1254 1743 1172 1402 1386 1866 1998 1520 1048 1720 1150 1433 1525 1028 1340 1746 1955 1613 1919 1853 1824 1809 1153 1200 1582 1909 1119 1275 1656 1087 1087 1590 1321 1168 1216 1544 1739 1862 1681 1094 1983 1996 1345 1747 1575 1997 1667 1704 1789 1227 1894 1045 1123 1525 1970 1067 1622 1053 1333 1968 1635 1571 1551 1289 1147 1346 1287 1673 1299 1213 1817 1219 1343 1405 1073 1585 1337 1009 1431 1228 1815 1620 1967 1511 1490 1533 1005 1745 1026 1024 1523 1808 1766 1748 1115 1776 1551 BCNSPRNW ULIB Ver.6.0+V

เปลี่ยนเป็นภาษาไทย

Change to English
 แสดงรายละเอียดบรรณานุกรม
  กลับหน้าหลัก

Brief Record : Get Marc (ISO 2709) : E-mail record : QR code < ปิดหน้าต่าง
LEADER : 00000nam 2200000uu 4500
001    13399126595
003     ULIB
008    020711s2561 th a 000 0 tha d
020    ^a9786163882462
050    ^aJF355.42^bอ133ม
100    ^aอดุลย์ รัตนมั่นเกษม
245    ^aมหายุทธการพิชิตศึก : บทเรียนสำหรับนักบริหาร/^cอดุลย์ รัตนมั่นเกษม
250    ^aพิมพ์ครั้งที่ 2
260    ^aกรุงเทพฯ :^bแสงดาว,^c2561
300    ^a272 หน้า;^b21 ซม.
650    ^aพิชัยสงคราม
650    ^aยุทธศาสตร์
650    ^aการบริหาร
945    ^p240^l0^i004790
999    ^aประนอม เกษจรัล
รายการนี้ยังไม่มีแท็ก
คุณยังไม่ได้ล็อกอิน คุณสามารถมีกิจกรรมร่วมกับเว็บไซต์ได้ แต่ต้องล็อกอินก่อน ::
  ล็อกอิน

รายการสื่อสารสนเทศ

ลำดับที่ ประเภท เลขเรียก/บาร์โค้ด สถานที่ สถานะ
1. การศึกษาทั่วไป
การศึกษาทั่วไป
JF355.42 อ133ม ฉ.1 
  Barcode: 004790
ห้องสมุดวิทยาเขตสวรรค์ประชารักษ์
►หนังสือทั่วไป
บนชั้น

รายการใกล้เคียง
    ผู้แต่ง [อดุลย์ รัตนมั่นเกษม]

    หัวเรื่อง [พิชัยสงคราม]
    หัวเรื่อง [ยุทธศาสตร์]
    หัวเรื่อง [การบริหาร]

BibComment


ยังไม่เคยถูกคอมเมนท์

คอมเมนท์ทรัพยากรรายการนี้
  คอมเมนท์: มหายุทธการพิชิตศ..


 Copyright 2026. Bcnsprnw @Library